Az én Pozsonyom, az egykori háromnyelvű város német és magyar kifejezéseket akármikor használtak ...

Bibliographic Details
Main Author: Vilikovský, Pavel, 1941-2020 (Author)
Format: Article
Language:Hungarian
Slovak
PhysicalDescription:Fotogr.
Subjects:

MARC

LEADER 00000nab a2200000 ar4500
001 vtls009003783
003 SK-MaSNL
005 20260319071301.0
008 070502c20070428xo |||||||| 000 b|hun
015 |a SNBRB2007/05  |2 snkbucl 
038 |a SNKBUCL 
040 |a DSZK  |b slo  |c DSZK  |e AACR2 
041 1 |a hun  |h slo 
044 |a xo  |c SK 
080 |a 821.162.4-32=511.141  |2 1997 
100 1 |a Vilikovský, Pavel,  |d 1941-2020  |4 aut  |9 89818 
245 1 3 |a Az én Pozsonyom, az egykori háromnyelvű város  |b német és magyar kifejezéseket akármikor használtak ...  |c Pavel Vilikovský ; fordította Cs. G. 
300 |b Fotogr. 
500 |a Prameň: Pavel Vilikovský: Prózy. Kalligram, 2005 
650 0 7 |a spoločenské poviedky, slovenské  |x úryvky  |2 snkbucl  |9 28974 
773 0 |t Új szó  |g Évf. 60, sz. 98 (28.4.2007), o. 11 
773 0 8 |i Mell.:  |t Szalon  |g Évf. 1, sz. 16 (2007) 
852 |a SNK  |b KIS3GCP 
852 |a DSZK  |b KIS3GCP 
958 |a HU 
958 |a SK 
958 |a LX 
999 |c 1751856  |d 1753786